=LDR 00000nam 2200000 4500 =247 ##$$a =856 ##$$a =700 #$$a =650 #$$a Sinergitas Perangkat Daerah =520 #$$a Proyek perubahan ini merupakan sebuah inovasi yang bertujuan untuk memfasilitasi terbangunnya hubungan koordinasi, komunikasi dan kerja sama yang lebih baik antara perangkat daerah dengan staf ahli bupati dilingkungan Pemerintah Kabupaten Halmahera Tengah. Koordinasi antara perangkat daerah dengan staf ahli Bupati memiliki banyak manfaat diantaranya adalah mendapatkan data dan informasi yang dapat dijadikan sebagai bahan analisis untuk kebijakan daerah atau kebijakan Bupati. =321 ##$$a =310 ##$$a =300 ##$$a 56 hlm. : $b ill. ; $c 30 cm $e =260 ##$$a Jakarta : $b Pusbangkom Pimnas dan Manajerial ASN. ; $c 2024 =001 $a INLIS000000000020885 =245 ##$$a Membangun Sinergitas Perangkat Daerah Dalam Mendukung Kebijakan Kepala Daerah Di Kabupaten Halmahera Tengah $b $c Hakkamy Husain =100 #$$a Hakkamy Husain =084 ##$$a R 0165 PKN II 2024 =082 ##$$a =035 ##$$a 0010-0426000042 =020 ##$$a =008 $a 260427################g##########0#ind## =005 $a 20260427143126